| 000 | 005500000a22001930004500 | ||
|---|---|---|---|
| 003 | LK-CoMWRAF | ||
| 005 | 20240106152627.0 | ||
| 008 | 230817t1996 ||||| |||| 00| 0 eng d | ||
| 040 |
_aLK-CoMWRAF _dLK-CoMWRAF _eLK-CoMWRAF |
||
| 041 | _aeng | ||
| 082 |
_a305.42 _bNES |
||
| 100 | _aNesiah, Vasuki | ||
| 245 | _aDebates in the feminist movement | ||
| 260 |
_aColombo: _bSocial Scientists' Association, _c1996 |
||
| 300 |
_a 21 p. ; 22 cm _bBibliography included |
||
| 650 | _aFEMINISM-Sri Lanka | ||
| 650 | _aWomen- Social conditions | ||
| 942 | _cBK | ||
| 999 |
_c2601 _d2601 |
||